[Event "6. Torneo Aficionados Bali - Sub-2300"]
[Site "Benidorm ESP"]
[Date "2007.12.02"]
[Round "3.22"]
[White "Carrascoso Morales, Abel"]
[Black "Gonzalez Aguirre, Luis"]
[Result "1-0"]
[WhiteElo "2216"]
[BlackElo "2137"]
[PlyCount "97"]
[EventDate "2007.11.30"]
[EventType "swiss"]
[EventRounds "9"]
[EventCountry "ESP"]
[Source "lmi"]
[SourceDate "2007.11.30"]

1. e4 c6 2. d4 g6 3. Nc3 d5 4. h3 Bg7 5. Nf3 Nf6 6. Bd3 dxe4 7. Nxe4 Nxe4 8.
Bxe4 Bf5 9. Bxf5 Qa5+ 10. Bd2 Qxf5 11. O-O O-O 12. Re1 Re8 13. c4 Nd7 14. Qb3
b6 15. g4 Qf6 16. Re4 c5 17. Bg5 Qd6 18. Bf4 e5 19. dxe5 Nxe5 20. Bxe5 Bxe5 21.
Rae1 f6 22. Qe3 Re7 23. Nxe5 Rae8 24. Qc3 Rxe5 25. Rxe5 Rxe5 26. Rxe5 fxe5 27.
Qf3 a5 28. Kg2 Kg7 29. Qb7+ Kg8 30. a4 Qf6 31. Qe4 Kg7 32. Qb7+ Kg8 33. Qd7 e4
34. Qd5+ Kg7 35. Qxe4 Qxb2 36. Qe7+ Kg8 37. h4 Qd4 38. Qe6+ Kf8 39. h5 gxh5 40.
gxh5 Qg7+ 41. Kf3 Qc3+ 42. Kg4 Qd4+ 43. f4 Qd1+ 44. Kg5 Qxa4 45. Qf6+ Kg8 46.
Qd8+ Kf7 47. Qc7+ Kg8 48. Kh6 Qa1 49. Qe7 1-0

[Event "6. Torneo Aficionados Bali - Sub-2300"]
[Site "Benidorm ESP"]
[Date "2007.12.02"]
[Round "3.23"]
[White "Minaya, Juan"]
[Black "Navarro Perez, Manuel"]
[Result "1-0"]
[WhiteElo "2244"]
[BlackElo "2141"]
[PlyCount "42"]
[EventDate "2007.11.30"]
[EventType "swiss"]
[EventRounds "9"]
[EventCountry "ESP"]
[Source "lmi"]
[SourceDate "2007.11.30"]

1. Nf3 Nf6 2. c4 g6 3. Nc3 Bg7 4. e4 d6 5. d4 O-O 6. Be2 c5 7. d5 a5 8. Nd2 Ne8
9. h4 f5 10. h5 f4 11. hxg6 hxg6 12. Bg4 Na6 13. Bxc8 Qxc8 14. Nf3 Qg4 15. b3
Nf6 16. Ba3 Kf7 17. Qe2 Rh8 18. O-O-O Rxh1 19. Rxh1 Rh8 20. Rxh8 Bxh8 21. e5
Nb4 1-0

[Event "6. Torneo Aficionados Bali - Sub-2300"]
[Site "Benidorm ESP"]
[Date "2007.12.02"]
[Round "3.25"]
[White "Serna Lara, Sergio"]
[Black "Paya Prats, Damian"]
[Result "1-0"]
[WhiteElo "2242"]
[BlackElo "1886"]
[PlyCount "50"]
[EventDate "2007.11.30"]
[EventType "swiss"]
[EventRounds "9"]
[EventCountry "ESP"]
[Source "lmi"]
[SourceDate "2007.11.30"]

1. d4 g6 2. c4 Bg7 3. e4 d6 4. Nc3 Nf6 5. f4 O-O 6. Nf3 c5 7. d5 e6 8. dxe6
fxe6 9. Bd3 Nc6 10. O-O a6 11. Ng5 Nd4 12. Be3 h6 13. Nh3 h5 14. e5 Ng4 15. Bd2
Nf5 16. Qe2 dxe5 17. Bxf5 exf5 18. fxe5 Bxe5 19. Bf4 Bd4+ 20. Kh1 Bd7 21. Nd5
Re8 22. Qd2 Bc6 23. Bg5 Qd7 24. Nhf4 Bxd5 25. cxd5 Be3 1-0

[Event "6. Torneo Aficionados Bali - Sub-2300"]
[Site "Benidorm ESP"]
[Date "2007.12.02"]
[Round "3.36"]
[White "Ballesteros, David"]
[Black "Vicente Torrecillas, Francisco"]
[Result "1-0"]
[WhiteElo "2220"]
[BlackElo "2004"]
[PlyCount "20"]
[EventDate "2007.11.30"]
[EventType "swiss"]
[EventRounds "9"]
[EventCountry "ESP"]
[Source "lmi"]
[SourceDate "2007.11.30"]

1. d4 Nf6 2. c4 c5 3. d5 b5 4. cxb5 a6 5. Nc3 d6 6. e4 Qa5 7. Be2 g6 8. Nf3 Bg7
9. Qb3 O-O 10. b6 Nbd7 1-0

[Event "6. Torneo Aficionados Bali - Sub-2300"]
[Site "Benidorm ESP"]
[Date "2007.12.02"]
[Round "3.42"]
[White "Iglesias Leon, Francisco J"]
[Black "Martin Martin, Luis Vicente"]
[Result "1-0"]
[WhiteElo "2172"]
[BlackElo "2063"]
[PlyCount "57"]
[EventDate "2007.11.30"]
[EventType "swiss"]
[EventRounds "9"]
[EventCountry "ESP"]
[Source "lmi"]
[SourceDate "2007.11.30"]

1. b3 e5 2. Bb2 Nc6 3. Nf3 d6 4. d4 exd4 5. Nxd4 Bd7 6. Nc3 Nf6 7. e4 Be7 8.
Nxc6 bxc6 9. Be2 O-O 10. O-O Re8 11. f4 Bf8 12. Bf3 Qc8 13. Re1 Bg4 14. h3 Bxf3
15. Qxf3 Qb7 16. e5 Nd5 17. Ne4 Nb4 18. exd6 Qb6+ 19. Kh1 f5 20. Nf6+ gxf6 21.
Qg3+ Kf7 22. Qh4 Bg7 23. Qh5+ Kf8 24. Rxe8+ Rxe8 25. d7 Rd8 26. Re1 Qb8 27.
Qxf5 Nd5 28. Ba3+ Kf7 29. Qh5+ 1-0

[Event "6. Torneo Aficionados Bali - Sub-2300"]
[Site "Benidorm ESP"]
[Date "2007.12.03"]
[Round "4.1"]
[White "Uribe Arteaga, Daniel"]
[Black "Raut, Cristian"]
[Result "1/2-1/2"]
[WhiteElo "2260"]
[BlackElo "2295"]
[PlyCount "22"]
[EventDate "2007.11.30"]
[EventType "swiss"]
[EventRounds "9"]
[EventCountry "ESP"]
[Source "lmi"]
[SourceDate "2007.11.30"]

1. e4 c5 2. Nf3 d6 3. d3 Nc6 4. g3 g6 5. Bg2 Bg7 6. O-O e5 7. c3 Nge7 8. a3 a5
9. a4 O-O 10. Na3 b6 11. Qe2 f5 1/2-1/2

[Event "6. Torneo Aficionados Bali - Sub-2300"]
[Site "Benidorm ESP"]
[Date "2007.12.03"]
[Round "4.2"]
[White "Hristodorescu, Daniel"]
[Black "Taboas Rodriguez, Daniel"]
[Result "0-1"]
[WhiteElo "2260"]
[BlackElo "2288"]
[PlyCount "74"]
[EventDate "2007.11.30"]
[EventType "swiss"]
[EventRounds "9"]
[EventCountry "ESP"]
[Source "lmi"]
[SourceDate "2007.11.30"]

1. e4 e6 2. d4 d5 3. Nc3 Nf6 4. e5 Nfd7 5. f4 c5 6. Nf3 Nc6 7. Be3 a6 8. Qd2 b5
9. h4 Bb7 10. h5 b4 11. Nd1 Be7 12. g4 O-O 13. Nf2 f6 14. exf6 Nxf6 15. O-O-O
Ne4 16. Nxe4 dxe4 17. Ne5 cxd4 18. Nxc6 Bxc6 19. Bxd4 Rxf4 20. Bc4 Bd5 21. Kb1
Rxg4 22. Qe2 Rg5 23. Be3 Rf5 24. Qg4 Qf8 25. Bxd5 exd5 26. Rhg1 Qf7 27. b3 Rxh5
28. Rdf1 Qg6 29. Qd7 Qd6 30. Bd4 g6 31. Qg4 Rg5 32. Qh3 Rxg1 33. Rxg1 Rf8 34.
Qh6 Rf7 35. Qh3 Bf6 36. Bxf6 Qxf6 37. Qc8+ Kg7 0-1

[Event "6. Torneo Aficionados Bali - Sub-2300"]
[Site "Benidorm ESP"]
[Date "2007.12.03"]
[Round "4.7"]
[White "Ratushnyy, Vladimir"]
[Black "Goormachtigh, Johan"]
[Result "1/2-1/2"]
[WhiteElo "2281"]
[BlackElo "2245"]
[PlyCount "28"]
[EventDate "2007.11.30"]
[EventType "swiss"]
[EventRounds "9"]
[EventCountry "ESP"]
[Source "lmi"]
[SourceDate "2007.11.30"]

1. e4 c5 2. Nf3 e6 3. d4 cxd4 4. Nxd4 Nc6 5. Nc3 Qc7 6. Be3 a6 7. Qd2 Nf6 8.
O-O-O Bb4 9. f3 Ne5 10. Nb3 b5 11. Qd4 Nc6 12. Qb6 Qxb6 13. Bxb6 Bxc3 14. bxc3
d5 1/2-1/2

[Event "6. Torneo Aficionados Bali - Sub-2300"]
[Site "Benidorm ESP"]
[Date "2007.12.03"]
[Round "4.10"]
[White "Fenollar Jorda, Manuel"]
[Black "Minaya, Juan"]
[Result "1/2-1/2"]
[WhiteElo "2261"]
[BlackElo "2244"]
[PlyCount "25"]
[EventDate "2007.11.30"]
[EventType "swiss"]
[EventRounds "9"]
[EventCountry "ESP"]
[Source "lmi"]
[SourceDate "2007.11.30"]

1. e4 e5 2. Nf3 d6 3. d4 Nf6 4. Nc3 Nbd7 5. Bc4 Be7 6. O-O O-O 7. Re1 c6 8. a4
a5 9. b3 h6 10. Ba3 Re8 11. Qd2 Qc7 12. dxe5 Nxe5 13. Nxe5 1/2-1/2

[Event "6. Torneo Aficionados Bali - Sub-2300"]
[Site "Benidorm ESP"]
[Date "2007.12.03"]
[Round "4.11"]
[White "Lacrosse, Marc"]
[Black "Olejarczyk, Bogdan"]
[Result "1/2-1/2"]
[WhiteElo "2254"]
[BlackElo "2203"]
[PlyCount "39"]
[EventDate "2007.11.30"]
[EventType "swiss"]
[EventRounds "9"]
[EventCountry "ESP"]
[Source "lmi"]
[SourceDate "2007.11.30"]

1. d4 d5 2. c4 e6 3. Nf3 Be7 4. Nc3 Nf6 5. Bg5 h6 6. Bh4 O-O 7. e3 Nbd7 8. cxd5
Nxd5 9. Bxe7 Qxe7 10. Rc1 Nxc3 11. Rxc3 c5 12. dxc5 Nxc5 13. Qc2 b6 14. b4 Nd7
15. a3 Bb7 16. Be2 Rfc8 17. O-O Rxc3 18. Qxc3 Rc8 19. Qd2 Nf6 20. Rc1 1/2-1/2

[Event "6. Torneo Aficionados Bali - Sub-2300"]
[Site "Benidorm ESP"]
[Date "2007.12.03"]
[Round "4.12"]
[White "Schmidt, Raul"]
[Black "Garrido Fernandez, Daniel"]
[Result "0-1"]
[WhiteElo "2145"]
[BlackElo "2250"]
[PlyCount "60"]
[EventDate "2007.11.30"]
[EventType "swiss"]
[EventRounds "9"]
[EventCountry "ESP"]
[Source "lmi"]
[SourceDate "2007.11.30"]

1. b3 d5 2. Nf3 Nf6 3. e3 e6 4. Be2 Bd6 5. Bb2 Qe7 6. Ne5 O-O 7. O-O Nfd7 8. d4
f6 9. Nf3 b6 10. c4 Bb7 11. Nc3 a6 12. Bd3 dxc4 13. bxc4 Nc6 14. Qb1 f5 15. d5
Nde5 16. Ne1 Na5 17. dxe6 Naxc4 18. Bxf5 Rxf5 19. Qxf5 Nxb2 20. f4 Nec4 21. Nc2
Re8 22. e4 Qxe6 23. Qxe6+ Rxe6 24. e5 Bc5+ 25. Kh1 Rg6 26. Ne1 Nd2 27. f5 Rg4
28. h3 Rg3 29. Rf3 Nxf3 30. Ne2 Rxh3+ 0-1

[Event "6. Torneo Aficionados Bali - Sub-2300"]
[Site "Benidorm ESP"]
[Date "2007.12.03"]
[Round "4.18"]
[White "Lopez Gonzalez, Daniel"]
[Black "Van Hoolandt, Patrick"]
[Result "0-1"]
[WhiteElo "2176"]
[BlackElo "2245"]
[PlyCount "52"]
[EventDate "2007.11.30"]
[EventType "swiss"]
[EventRounds "9"]
[EventCountry "ESP"]
[Source "lmi"]
[SourceDate "2007.11.30"]

1. d4 Nf6 2. c4 e6 3. g3 d5 4. Nf3 c6 5. Qc2 Bd6 6. Bg2 O-O 7. O-O Nbd7 8. Nbd2
Re8 9. Rd1 Qc7 10. e4 dxe4 11. Ng5 e3 12. fxe3 e5 13. c5 Bf8 14. Qb3 Re7 15.
Bf1 h6 16. Nxf7 Rxf7 17. Bc4 Nd5 18. e4 Nxc5 19. dxc5 Bxc5+ 20. Kh1 b5 21. Bxd5
cxd5 22. exd5 Bg4 23. Rf1 Rxf1+ 24. Nxf1 Qf7 25. Be3 Qf3+ 26. Kg1 Bh3 0-1

[Event "6. Torneo Aficionados Bali - Sub-2300"]
[Site "Benidorm ESP"]
[Date "2007.12.03"]
[Round "4.20"]
[White "Morales Camacho, Julian"]
[Black "Sanchez Barbado, Carlos"]
[Result "0-1"]
[WhiteElo "2239"]
[BlackElo "2155"]
[PlyCount "50"]
[EventDate "2007.11.30"]
[EventType "swiss"]
[EventRounds "9"]
[EventCountry "ESP"]
[Source "lmi"]
[SourceDate "2007.11.30"]

1. d4 f5 2. g3 Nf6 3. Bg2 e6 4. Nf3 d6 5. O-O Be7 6. c4 O-O 7. Nc3 Qe8 8. Qc2
Qh5 9. e4 e5 10. dxe5 dxe5 11. Nd5 Nxd5 12. cxd5 Bd6 13. exf5 Bxf5 14. Qc4 Bg4
15. Ng5 Be2 16. Qc2 Bxf1 17. Bxf1 Nd7 18. Ne6 Rf7 19. Be2 Rxf2 20. Kxf2 Qxh2+
21. Kf3 e4+ 22. Kxe4 Qxg3 23. Bg5 Re8 24. Kd4 Qe5+ 25. Kc4 b5+ 0-1

[Event "6. Torneo Aficionados Bali - Sub-2300"]
[Site "Benidorm ESP"]
[Date "2007.12.03"]
[Round "4.21"]
[White "Rocabert Andreu, Guillermo"]
[Black "Arata, Roberto"]
[Result "1/2-1/2"]
[WhiteElo "2234"]
[BlackElo "2147"]
[PlyCount "73"]
[EventDate "2007.11.30"]
[EventType "swiss"]
[EventRounds "9"]
[EventCountry "ESP"]
[Source "lmi"]
[SourceDate "2007.11.30"]

1. d4 d5 2. Nf3 Nf6 3. g3 c5 4. Bg2 cxd4 5. O-O Nc6 6. Nxd4 e6 7. c4 Bc5 8. Nb3
Be7 9. Nc3 dxc4 10. Qxd8+ Bxd8 11. Nd2 Na5 12. Nb5 O-O 13. Nd6 c3 14. bxc3 Nd5
15. Bb2 Bf6 16. Rac1 Rd8 17. N6e4 Nb6 18. Nxf6+ gxf6 19. Rfd1 Bd7 20. Ne4 Nac4
21. Nxf6+ Kg7 22. Nxd7 Nxd7 23. Ba1 Ndb6 24. Bxb7 Rab8 25. Ba6 e5 26. a4 f6 27.
Rd3 Kf7 28. Kg2 Ke6 29. Rb1 Na3 30. Rbd1 Rxd3 31. exd3 Nxa4 32. c4 Nc5 33. Bb5
Nxb5 34. cxb5 Rxb5 35. d4 exd4 36. Bxd4 a5 37. Re1+ 1/2-1/2

[Event "6. Torneo Aficionados Bali - Sub-2300"]
[Site "Benidorm ESP"]
[Date "2007.12.03"]
[Round "4.23"]
[White "Jordan Martinez, David"]
[Black "Fidalgo Fernandez, Javier"]
[Result "0-1"]
[WhiteElo "2146"]
[BlackElo "2225"]
[PlyCount "30"]
[EventDate "2007.11.30"]
[EventType "swiss"]
[EventRounds "9"]
[EventCountry "ESP"]
[Source "lmi"]
[SourceDate "2007.11.30"]

1. e4 c5 2. Nf3 e6 3. c3 d5 4. exd5 exd5 5. d4 Bd6 6. Bb5+ Nc6 7. O-O Nge7 8.
h3 O-O 9. Bd3 cxd4 10. Nxd4 Nxd4 11. cxd4 Bf5 12. Bxf5 Nxf5 13. Qg4 Qf6 14. Bg5
Qg6 15. Nc3 h5 0-1

[Event "6. Torneo Aficionados Bali - Sub-2300"]
[Site "Benidorm ESP"]
[Date "2007.12.03"]
[Round "4.26"]
[White "Edwards, Ray B"]
[Black "Jimenez Martinez, Jose Vicente"]
[Result "1/2-1/2"]
[WhiteElo "2139"]
[BlackElo "2219"]
[PlyCount "48"]
[EventDate "2007.11.30"]
[EventType "swiss"]
[EventRounds "9"]
[EventCountry "ESP"]
[Source "lmi"]
[SourceDate "2007.11.30"]

1. d4 g6 2. e4 d6 3. Nc3 Bg7 4. Nge2 Nf6 5. g3 O-O 6. Bg2 Nc6 7. h3 e5 8. Be3
Re8 9. O-O exd4 10. Nxd4 Ne5 11. b3 Bd7 12. f4 Nc6 13. Nde2 Qe7 14. Bf2 h5 15.
Qd2 Qf8 16. Rac1 a6 17. Nd4 Rad8 18. Nxc6 Bxc6 19. Nd5 Nxd5 20. exd5 Bd7 21.
Bd4 Bxd4+ 22. Qxd4 Qg7 23. Qxg7+ Kxg7 24. Kf2 Kf6 1/2-1/2

[Event "6. Torneo Aficionados Bali - Sub-2300"]
[Site "Benidorm ESP"]
[Date "2007.12.03"]
[Round "4.30"]
[White "Lada, Ireneusz"]
[Black "Lillo Ferrer, Josep Maria"]
[Result "0-1"]
[WhiteElo "2121"]
[BlackElo "2208"]
[PlyCount "57"]
[EventDate "2007.11.30"]
[EventType "swiss"]
[EventRounds "9"]
[EventCountry "ESP"]
[Source "lmi"]
[SourceDate "2007.11.30"]

1. c4 e5 2. Nc3 d6 3. Nf3 f5 4. d4 e4 5. Ng5 Nf6 6. Nh3 Be7 7. Nf4 c6 8. h4 Na6
9. e3 Nc7 10. Qb3 Rb8 11. Be2 Ne6 12. g3 O-O 13. Bd2 Nxf4 14. gxf4 Be6 15. d5
Bf7 16. O-O-O b5 17. cxb5 Nxd5 18. Nxd5 Bxd5 19. Bc4 Bxc4 20. Qxc4+ d5 21. Qa4
Rxb5 22. Qxa7 Bf6 23. b3 Rf7 24. Qa4 Qb8 25. b4 Ra7 26. Qb3 Qa8 27. Kb1 Ra3 28.
Qc2 c5 29. Be1 0-1

[Event "6. Torneo Aficionados Bali - Sub-2300"]
[Site "Benidorm ESP"]
[Date "2007.12.03"]
[Round "4.31"]
[White "Battaglini, Gabriel"]
[Black "Ribes Peris, Alvaro"]
[Result "1-0"]
[WhiteElo "2295"]
[BlackElo "2157"]
[PlyCount "27"]
[EventDate "2007.11.30"]
[EventType "swiss"]
[EventRounds "9"]
[EventCountry "ESP"]
[Source "lmi"]
[SourceDate "2007.11.30"]

1. d4 d5 2. c4 Nc6 3. Nf3 Bg4 4. e3 e5 5. Be2 exd4 6. exd4 Bb4+ 7. Nc3 Nf6 8.
O-O O-O 9. a3 Be7 10. c5 Re8 11. Qd3 Ne4 12. Be3 Ng5 13. Nxg5 Bxe2 14. Qxh7+
1-0

[Event "6. Torneo Aficionados Bali - Sub-2300"]
[Site "Benidorm ESP"]
[Date "2007.12.03"]
[Round "4.38"]
[White "Ferrer Roig, Juan"]
[Black "Cano Gimenez, Vicente"]
[Result "1-0"]
[WhiteElo "2130"]
[BlackElo "2204"]
[PlyCount "41"]
[EventDate "2007.11.30"]
[EventType "swiss"]
[EventRounds "9"]
[EventCountry "ESP"]
[Source "lmi"]
[SourceDate "2007.11.30"]

1. e4 c5 2. Nf3 g6 3. d4 Bg7 4. dxc5 Qa5+ 5. c3 Qxc5 6. Na3 a6 7. Nc4 Qc7 8.
Be3 Nc6 9. Nb6 Rb8 10. Nd5 Qd6 11. Bb6 Nh6 12. e5 Nxe5 13. Bc7 Nxf3+ 14. Qxf3
Qe6+ 15. Be2 Ra8 16. Nb6 O-O 17. Nxa8 d5 18. Nb6 Qc6 19. Nxd5 Re8 20. Bg3 Bg4
21. Qd3 1-0

[Event "6. Torneo Aficionados Bali - Sub-2300"]
[Site "Benidorm ESP"]
[Date "2007.12.03"]
[Round "4.44"]
[White "Orfali, Marcelo-Rafael"]
[Black "Farrand, Julian T"]
[Result "0-1"]
[WhiteElo "2097"]
[BlackElo "2169"]
[PlyCount "82"]
[EventDate "2007.11.30"]
[EventType "swiss"]
[EventRounds "9"]
[EventCountry "ESP"]
[Source "lmi"]
[SourceDate "2007.11.30"]

1. e4 d6 2. d4 Nf6 3. Nc3 Nbd7 4. Nf3 e5 5. Bc4 h6 6. h3 c6 7. a4 Be7 8. Qe2
Qc7 9. a5 Nf8 10. d5 Ng6 11. Be3 O-O 12. O-O Nf4 13. Bxf4 exf4 14. Qd2 g5 15.
Rfe1 Nd7 16. Rad1 Qxa5 17. dxc6 bxc6 18. Nd5 Bd8 19. b4 Qa3 20. c3 Nb6 21. Nxb6
axb6 22. Ra1 Qxa1 23. Rxa1 Rxa1+ 24. Kh2 Be7 25. Qb2 Ra8 26. b5 Bd7 27. bxc6
Bxc6 28. Nd4 Bxe4 29. Qe2 d5 30. Bxd5 Bxd5 31. Qxe7 Be6 32. Qf6 Kh7 33. h4 Rg8
34. hxg5 Rxg5 35. Qxf4 Rh5+ 36. Kg3 Rg8+ 37. Kf3 Bd5+ 38. Ke3 Rxg2 39. c4 Bxc4
40. Qe4+ Rg6 41. Nf5 Re6 0-1

[Event "6. Torneo Aficionados Bali - Sub-2300"]
[Site "Benidorm ESP"]
[Date "2007.12.03"]
[Round "4.50"]
[White "Carrasco Sagredo, Manuel"]
[Black "Mascarell Canet, Redo"]
[Result "1-0"]
[WhiteElo "2134"]
[BlackElo "2037"]
[PlyCount "45"]
[EventDate "2007.11.30"]
[EventType "swiss"]
[EventRounds "9"]
[EventCountry "ESP"]
[Source "lmi"]
[SourceDate "2007.11.30"]

1. e4 c5 2. Nf3 a6 3. Nc3 b5 4. d4 e6 5. e5 Bb7 6. dxc5 Bxc5 7. Bd3 f5 8. exf6
Nxf6 9. Bg5 O-O 10. Qe2 Nc6 11. Rd1 Be7 12. Ne4 Qa5+ 13. c3 Qxa2 14. Bxf6 gxf6
15. Bb1 Qa5 16. Rxd7 Bc8 17. Rd1 b4 18. O-O Qc7 19. Ng3 bxc3 20. bxc3 Bc5 21.
Nh5 Qf7 22. Nf4 e5 23. Ba2 1-0

[Event "6. Torneo Aficionados Bali - Sub-2300"]
[Site "Benidorm ESP"]
[Date "2007.12.03"]
[Round "4.52"]
[White "Fernandez Garcia, Ignacio"]
[Black "Burton, Graham P"]
[Result "1-0"]
[WhiteElo "2039"]
[BlackElo "2123"]
[PlyCount "55"]
[EventDate "2007.11.30"]
[EventType "swiss"]
[EventRounds "9"]
[EventCountry "ESP"]
[Source "lmi"]
[SourceDate "2007.11.30"]

1. e4 c5 2. f4 e6 3. Nf3 Nc6 4. c3 d5 5. e5 Nge7 6. d3 Nf5 7. Be2 h5 8. Na3 Be7
9. Nc2 d4 10. O-O b6 11. c4 Bb7 12. a3 a5 13. Nd2 g6 14. Ne4 Qc7 15. Ne1 O-O-O
16. Nf3 Na7 17. Nfg5 Bxg5 18. Nxg5 Nc6 19. Qa4 Ne3 20. Rf2 h4 21. Bd2 h3 22. g4
Rh4 23. Bf3 Nxg4 24. Bxg4 Rxg4+ 25. Kf1 Nxe5 26. fxe5 Qxe5 27. Nf3 Qc7 28. b4
1-0

[Event "6. Torneo Aficionados Bali - Sub-2300"]
[Site "Benidorm ESP"]
[Date "2007.12.03"]
[Round "4.55"]
[White "Ferreira Jr, Walter"]
[Black "Morais, Vitor"]
[Result "1/2-1/2"]
[WhiteElo "2028"]
[BlackElo "2113"]
[PlyCount "47"]
[EventDate "2007.11.30"]
[EventType "swiss"]
[EventRounds "9"]
[EventCountry "ESP"]
[Source "lmi"]
[SourceDate "2007.11.30"]

1. e4 c5 2. Nf3 Nc6 3. Bb5 e6 4. O-O Nge7 5. c3 a6 6. Bxc6 Nxc6 7. d4 cxd4 8.
cxd4 d5 9. exd5 Qxd5 10. Nc3 Qd8 11. d5 exd5 12. Qxd5 Be6 13. Qxd8+ Rxd8 14.
Be3 Be7 15. h3 O-O 16. Rfd1 Bf6 17. a3 Bb3 18. Rxd8 Rxd8 19. Nd2 Be6 20. Nde4
Be7 21. Bc5 Rd7 22. Bxe7 Rxe7 23. Nc5 g6 24. Nxe6 1/2-1/2

[Event "6. Torneo Aficionados Bali - Sub-2300"]
[Site "Benidorm ESP"]
[Date "2007.12.03"]
[Round "4.56"]
[White "Pereira, Edgar"]
[Black "Moya Mallafre, Erik"]
[Result "1-0"]
[WhiteElo "2106"]
[BlackElo "2031"]
[PlyCount "75"]
[EventDate "2007.11.30"]
[EventType "swiss"]
[EventRounds "9"]
[EventCountry "ESP"]
[Source "lmi"]
[SourceDate "2007.11.30"]

1. e4 c6 2. d4 d5 3. e5 Bf5 4. Nf3 e6 5. Be2 c5 6. O-O Nc6 7. c3 Qb6 8. dxc5
Bxc5 9. b4 Bf8 10. Be3 Qc7 11. Qa4 Nge7 12. Na3 Nc8 13. b5 Qa5 14. bxc6 Qxa4
15. cxb7 Rb8 16. bxc8=Q+ Rxc8 17. Bb5+ Qxb5 18. Nxb5 Bd3 19. Nxa7 Rc7 20. Rfd1
Be2 21. Re1 Bd3 22. a4 Rxc3 23. Nb5 Rc6 24. Nfd4 Rb6 25. Nb3 Rb8 26. Ba7 Rc8
27. Rec1 Bc4 28. Na5 Bb4 29. Nxc4 dxc4 30. Rab1 Be7 31. Rd1 O-O 32. Nc3 Rc7 33.
Bb6 Rb7 34. a5 Rfb8 35. Bc7 Rxb1 36. Rxb1 Rb3 37. Rxb3 cxb3 38. a6 1-0

[Event "6. Torneo Aficionados Bali - Sub-2300"]
[Site "Benidorm ESP"]
[Date "2007.12.03"]
[Round "4.58"]
[White "Martin Martin, Luis Vicente"]
[Black "Busto Prendes, Abel"]
[Result "1-0"]
[WhiteElo "2089"]
[BlackElo "2008"]
[PlyCount "67"]
[EventDate "2007.11.30"]
[EventType "swiss"]
[EventRounds "9"]
[EventCountry "ESP"]
[Source "lmi"]
[SourceDate "2007.11.30"]

1. d4 c5 2. Nf3 Nf6 3. c3 b6 4. Bf4 d6 5. e3 g6 6. Be2 Bg7 7. h3 Nbd7 8. O-O
O-O 9. Nbd2 Bb7 10. a4 a6 11. Bh2 Ra7 12. b4 Qa8 13. Qb3 Rc8 14. Rfc1 h6 15.
Bf1 Bc6 16. Rab1 Ne4 17. Qd1 Ndf6 18. Nc4 Nd5 19. Qd3 f5 20. b5 axb5 21. axb5
Be8 22. Nfd2 Nxd2 23. Qxd2 Bf7 24. f3 Qb7 25. e4 fxe4 26. fxe4 Nxc3 27. Rxc3
Bxd4+ 28. Kh1 Bxc3 29. Qxc3 Qxe4 30. Re1 Qb7 31. Bxd6 exd6 32. Nxd6 Qd5 33.
Nxc8 Rb7 34. Ne7+ 1-0

[Event "6. Torneo Aficionados Bali - Sub-2300"]
[Site "Benidorm ESP"]
[Date "2007.12.03"]
[Round "4.60"]
[White "Moragrega Herrero, Juan J"]
[Black "Hickman, John E"]
[Result "0-1"]
[WhiteElo "2074"]
[BlackElo "2002"]
[PlyCount "56"]
[EventDate "2007.11.30"]
[EventType "swiss"]
[EventRounds "9"]
[EventCountry "ESP"]
[Source "lmi"]
[SourceDate "2007.11.30"]

1. d4 d6 2. e4 Nf6 3. Bd3 e5 4. c3 g6 5. Ne2 Bg7 6. O-O O-O 7. f4 Qe7 8. Ng3
exd4 9. cxd4 Nc6 10. Bc2 Ng4 11. Ne2 Nb4 12. Nbc3 c5 13. d5 Nxc2 14. Qxc2 f5
15. h3 Nf6 16. Ng3 fxe4 17. f5 gxf5 18. Nxf5 Bxf5 19. Rxf5 e3 20. Qe2 Rae8 21.
Rf3 Ne4 22. Rxf8+ Qxf8 23. Nxe4 Rxe4 24. Qf3 Rf4 25. Qe2 Re4 26. Qf3 Qxf3 27.
gxf3 e2 28. Bd2 Rd4 0-1

[Event "6. Torneo Aficionados Bali - Sub-2300"]
[Site "Benidorm ESP"]
[Date "2007.12.04"]
[Round "5.1"]
[White "Taboas Rodriguez, Daniel"]
[Black "Voiteanu, Gabriel"]
[Result "1-0"]
[WhiteElo "2288"]
[BlackElo "2278"]
[PlyCount "85"]
[EventDate "2007.11.30"]
[EventType "swiss"]
[EventRounds "9"]
[EventCountry "ESP"]
[Source "lmi"]
[SourceDate "2007.11.30"]

1. d4 Nf6 2. Nf3 g6 3. c4 Bg7 4. Nc3 d5 5. cxd5 Nxd5 6. e4 Nxc3 7. bxc3 O-O 8.
Be2 c5 9. O-O cxd4 10. cxd4 Nc6 11. Be3 Bg4 12. d5 Bxf3 13. Bxf3 Na5 14. Rc1 b5
15. Bd4 Nc4 16. Bxg7 Kxg7 17. Be2 Qa5 18. Bxc4 bxc4 19. Qd4+ Kg8 20. Qxc4 Rfc8
21. Qxc8+ Rxc8 22. Rxc8+ Kg7 23. Rc2 Qa4 24. Re2 Qc4 25. Rfe1 h5 26. h4 f6 27.
e5 Qxd5 28. exf6+ exf6 29. Re7+ Kh6 30. Rxa7 Qd4 31. Ra6 Qd2 32. Re3 Qc1+ 33.
Kh2 Qc4 34. Rae6 Qxh4+ 35. Kg1 Kg7 36. Re7+ Kh6 37. R7e6 Kg7 38. Rf3 f5 39. Rg3
g5 40. Rb3 Qc4 41. Rb7+ Kf8 42. Rf6+ Ke8 43. a3 1-0

[Event "6. Torneo Aficionados Bali - Sub-2300"]
[Site "Benidorm ESP"]
[Date "2007.12.04"]
[Round "5.2"]
[White "Kandic, Milan"]
[Black "Hess, Christian Mathias"]
[Result "1/2-1/2"]
[WhiteElo "2238"]
[BlackElo "2283"]
[PlyCount "57"]
[EventDate "2007.11.30"]
[EventType "swiss"]
[EventRounds "9"]
[EventCountry "ESP"]
[Source "lmi"]
[SourceDate "2007.11.30"]

1. Nf3 d5 2. g3 g6 3. Bg2 Bg7 4. O-O e5 5. d4 e4 6. Ng5 Nc6 7. c4 f5 8. cxd5
Qxd5 9. Nc3 Qd8 10. Qb3 Nh6 11. Be3 a6 12. Rfd1 Qd6 13. d5 Nd8 14. Bf4 Qb6 15.
Qc4 Ng4 16. Qxc7 Qxf2+ 17. Kh1 O-O 18. Nh3 Qa7 19. Bd6 Re8 20. Be7 Be5 21. Bd6
Bxd6 22. Qxd6 Nf7 23. Qc7 Nfe5 24. Rf1 Bd7 25. Qd6 Rad8 26. Qb4 Rc8 27. Rac1
Qb8 28. Ng1 Bc6 29. Nb1 1/2-1/2

[Event "6. Torneo Aficionados Bali - Sub-2300"]
[Site "Benidorm ESP"]
[Date "2007.12.04"]
[Round "5.3"]
[White "Raut, Cristian"]
[Black "Renteria, Jorge"]
[Result "0-1"]
[WhiteElo "2295"]
[BlackElo "2233"]
[PlyCount "46"]
[EventDate "2007.11.30"]
[EventType "swiss"]
[EventRounds "9"]
[EventCountry "ESP"]
[Source "lmi"]
[SourceDate "2007.11.30"]

1. e4 c5 2. c3 d6 3. d4 Nf6 4. Bd3 Nbd7 5. Nf3 g6 6. e5 dxe5 7. dxe5 Nd5 8. e6
fxe6 9. Ng5 Ne5 10. Bb5+ Bd7 11. Nxe6 Bxb5 12. Nxd8 Rxd8 13. Na3 Nd3+ 14. Kd2
Nxf2 15. Qg1 Nb4+ 16. Ke3 Ng4+ 17. Kf4 Be2 18. cxb4 Rd3 19. h3 Bh6+ 20. Ke4
Nf6+ 21. Ke5 Rd5+ 22. Ke6 Bd3 23. g4 Rd6+ 0-1